| 000 | 00745nam a22001577a 4500 | ||
|---|---|---|---|
| 999 |
_c38501 _d38501 |
||
| 082 | _aRP.0371 | ||
| 100 |
_a Padhi, Rajashree _uCentre for Human Rights and Conflict Management Central University of Jharkhand _vRanchi - Jharkhand |
||
| 245 |
_aInnovation In Delivery of Mid- Day Meals Scheme Under Public Private Partnership: _bA Case Study of ISCKON and Akshaya Patra Foundation of India _c/ Rajashree Padhi |
||
| 260 |
_aRanchi: _bCentre for Human Rights and Conflict Management Central University of Jharkhand, _c2006 |
||
| 300 | _a81p. | ||
| 500 | _aIncluded Summary | ||
| 536 | _aIndian Council of Social Science Research (ICSSR) | ||
| 650 |
_aMid Day Meal _vSocial Shceme _zIndia |
||
| 650 | _vInnovvation - Transportation | ||
| 942 |
_2ddc _cRP |
||